[Event "COL-ch Amateur"]
[Site "Garzon"]
[Date "2009.11.16"]
[Round "6.6"]
[White "Puentes, Henry"]
[Black "Mendez, Wilford"]
[Result "0-1"]
[WhiteElo "1600"]
[BlackElo "1873"]
[PlyCount "104"]
[EventDate "2009.11.14"]
[EventType "swiss"]
[EventRounds "7"]
[EventCountry "COL"]
[SourceTitle "EXT 2024"]
[Source "ChessBase"]
[SourceDate "2023.10.10"]
[SourceVersion "1"]
[SourceVersionDate "2023.10.10"]
[SourceQuality "1"]

1. e4 c5 2. Nf3 d6 3. d4 cxd4 4. Nxd4 Nf6 5. Nc3 g6 6. Bc4 Bg7 7. Bb3 Nc6 8. f3 0-0 9. Be3 Bd7 10. Qd2 Rc8 11. 0-0-0 Ne5 12. h4 h5 13. Bh6 Nc4 14. Bxc4 Rxc4 15. Bxg7 Kxg7 16. g4 Rh8 17. g5 Ne8 18. Nb3 e6 19. Kb1 b5 20. Rh2 Qb6 21. Ne2 b4 22. e5 d5 23. Nbd4 a5 24. Qe3 Qd8 25. f4 Qe7 26. Rg2 Nc7 27. Rg3 Rc8 28. f5 exf5 29. Nf4 Be6 30. Rdg1 Qc5 31. Nfe2 Nb5 32. Rd1 Rxc2 33. Nxe6+ fxe6 34. Qxc5 R8xc5 35. Nf4 Kf7 36. Nd3 R5c4 37. Rh3 Re2 38. Rc1 Nd4 39. Rhh1 Nf3 40. b3 Rc3 41. Rxc3 bxc3 42. Rc1 d4 43. a3 Nxe5 44. Nxe5+ Rxe5 45. Kc2 Re4 46. Rh1 e5 47. b4 axb4 48. axb4 Re2+ 49. Kd3 Rb2 50. Kc4 c2 51. Rc1 Ke6 52. b5 Kd6 0-1